MARC

LEADER 00000nam0a2200000 4500
001 273455
005 20231101234630.0
020 |a RU  |b 86-73097 
035 |a (RuTPU)RU\TPU\book\296664 
090 |a 273455 
100 |a 20141027d1986 k y0rusy5003 ca 
101 0 |a rus 
102 |a RU 
105 |a a z 001zy 
200 1 |a Термическая обработка и физика металлов  |e межвузовский сборник научных трудов  |f Уральский политехнический институт им. С. М. Кирова ; под ред. М. И. Гольдштейна 
210 |a Свердловск  |c Изд-во УПИ  |d 1986 
215 |a 144 с.  |c ил. 
320 |a Библиогр. в конце ст. 
606 1 |a Термическая обработка металлов  |2 stltpush  |3 (RuTPU)RU\TPU\subj\68426  |9 83756 
610 1 |a физика 
610 1 |a металлы 
610 1 |a конструкционные стали 
610 1 |a сплавы 
610 1 |a упрочнение 
610 1 |a деформация 
610 1 |a разрушение 
610 1 |a фазовые превращения 
610 1 |a термическая обработка 
675 |a 621.785  |z rus  |v 4 
702 1 |a Гольдштейн  |b М. И.  |g Михаил Израилевич  |4 340 
712 0 2 |a Уральский политехнический институт им. С. М. Кирова  |c (Свердловск)  |c (1948-1992)  |2 stltpush  |3 (RuTPU)RU\TPU\col\1982  |9 23638 
801 0 |a RU  |b RuMRKP  |c 19960705  |g psbo 
801 1 |a RU  |b 63413507  |c 20141027 
801 2 |a RU  |b 63413507  |c 20180608  |g RCR 
942 |c BK